<?xml version="1.0" encoding="UTF-8"?>
<record
    xmlns:xsi="http://www.w3.org/2001/XMLSchema-instance"
    xsi:schemaLocation="http://www.loc.gov/MARC21/slim http://www.loc.gov/standards/marcxml/schema/MARC21slim.xsd"
    xmlns="http://www.loc.gov/MARC21/slim">

  <leader>00606nam a22001937b 4500</leader>
  <controlfield tag="005">20230727133829.0</controlfield>
  <controlfield tag="008">230727b        sa ||||| |||| 00| 0 ENG d</controlfield>
  <datafield tag="020" ind1=" " ind2=" ">
    <subfield code="a">9781784883393</subfield>
    <subfield code="q">pbk</subfield>
  </datafield>
  <datafield tag="040" ind1=" " ind2=" ">
    <subfield code="a">RDA</subfield>
    <subfield code="c">3228</subfield>
  </datafield>
  <datafield tag="041" ind1=" " ind2=" ">
    <subfield code="2">E</subfield>
  </datafield>
  <datafield tag="082" ind1=" " ind2=" ">
    <subfield code="a">745.92 PART</subfield>
  </datafield>
  <datafield tag="100" ind1=" " ind2=" ">
    <subfield code="a">Partridge,Bex</subfield>
    <subfield code="9">180717</subfield>
  </datafield>
  <datafield tag="245" ind1=" " ind2=" ">
    <subfield code="a">Everlasting</subfield>
    <subfield code="b">Everlasting:how to grow,harvest &amp; create with dried flowers/</subfield>
    <subfield code="c">Bex Partridge</subfield>
  </datafield>
  <datafield tag="260" ind1=" " ind2=" ">
    <subfield code="a">Building1 658 church street,London:</subfield>
    <subfield code="b">Hardiegrant books,</subfield>
    <subfield code="c">2020.</subfield>
  </datafield>
  <datafield tag="300" ind1=" " ind2=" ">
    <subfield code="a">158 pages:</subfield>
    <subfield code="b">Colour illustration;</subfield>
    <subfield code="c">25 cm.</subfield>
  </datafield>
  <datafield tag="504" ind1=" " ind2=" ">
    <subfield code="6">include indexes</subfield>
  </datafield>
  <datafield tag="521" ind1=" " ind2=" ">
    <subfield code="a">adults</subfield>
  </datafield>
  <datafield tag="942" ind1=" " ind2=" ">
    <subfield code="2">ddc</subfield>
    <subfield code="c">BOOK</subfield>
    <subfield code="w">10421</subfield>
    <subfield code="x">hlophe mtsweni</subfield>
    <subfield code="y">10421</subfield>
    <subfield code="z">hlophe mtsweni</subfield>
  </datafield>
  <datafield tag="999" ind1=" " ind2=" ">
    <subfield code="c">755819</subfield>
    <subfield code="d">755818</subfield>
  </datafield>
  <datafield tag="952" ind1=" " ind2=" ">
    <subfield code="0">0</subfield>
    <subfield code="1">0</subfield>
    <subfield code="2">ddc</subfield>
    <subfield code="4">0</subfield>
    <subfield code="7">0</subfield>
    <subfield code="a">RIVEL</subfield>
    <subfield code="b">RIVEL</subfield>
    <subfield code="c">FIC</subfield>
    <subfield code="d">2023-07-27</subfield>
    <subfield code="g">260.00</subfield>
    <subfield code="o">745.92 PART</subfield>
    <subfield code="p">33228031011669</subfield>
    <subfield code="r">2023-07-27</subfield>
    <subfield code="w">2023-07-27</subfield>
    <subfield code="y">BOOK</subfield>
  </datafield>
</record>
